| 000 | 00367nam a22001577a 4500 | ||
|---|---|---|---|
| 003 | OSt | ||
| 005 | 20240101110852.0 | ||
| 008 | 190912b xxu||||| |||| 00| 0 eng d | ||
| 020 | _a9788129139948 | ||
| 040 | _cIIMT UNIVERSITY | ||
| 100 | _aSCREVALA | ||
| 245 | _aDREAM WITH YOUR EYE OPEN | ||
| 260 |
_aNEW DELHI _bRUPA PUB _c2016 |
||
| 300 | _a185 | ||
| 942 |
_2ddc _c01 |
||
| 999 |
_c49063 _d49063 |
||